Valuation report of Pt. No. 15791, Telok Gadung, Mukim Klang and District of Klang, Selangor
| Main Author: | |
|---|---|
| Format: | Book |
| Published: |
Selangor :
[s.n.] ,
1996
|
MARC
| LEADER | 00000cam a2200000 7i4500 | ||
|---|---|---|---|
| 001 | 0000025943 | ||
| 005 | 20150518.0 | ||
| 040 | |a INS | ||
| 090 | 0 | 0 | |a MTCP21 |
| 100 | 1 | |a Bobong L. Ayunan | |
| 245 | 1 | 0 | |a Valuation report of Pt. No. 15791, Telok Gadung, Mukim Klang and District of Klang, Selangor |c Bobong L. Ayunan |
| 260 | |a Selangor : |b [s.n.] , |c 1996 | ||
| 300 | |a Muka Surat Pelbagai : |b ill. ; |c 30cm. | ||
| 999 | |a MTCP000221 |b BOOK |c Course Notes |e Default branch | ||